[Event "Tatry Open 2014"]
[Site "Tatranske Zruby SVK"]
[Date "2014.09.30"]
[Round "3.4"]
[White "Berezjuk, S."]
[Black "Pagerka, M."]
[Result "0-1"]
[WhiteElo "2371"]
[BlackElo "2297"]
[PlyCount "126"]
[EventDate "2014.09.28"]

1. e4 e6 2. d4 d5 3. Nc3 Nf6 4. Bg5 Be7 5. e5 Nfd7 6. Bxe7 Qxe7 7. f4 a6 8. Nf3
c5 9. dxc5 Nxc5 10. Bd3 Nc6 11. O-O Bd7 12. Qe2 O-O-O 13. a3 Kb8 14. b4 Nxd3
15. cxd3 f6 16. d4 Rc8 17. Rac1 f5 18. Rc2 Na7 19. Rfc1 h6 20. Qe3 Rhg8 21. h4
Be8 22. Nb1 Ba4 23. Rc5 b6 24. Rxc8+ Rxc8 25. Rxc8+ Kxc8 26. Nc3 Be8 27. g3 a5
28. Qc1 Qc7 29. Qb2 Qc4 30. bxa5 bxa5 31. Kf2 Bb5 32. a4 Bd7 33. Qb6 Qxc3 34.
Qxa7 Qc2+ 35. Ke3 Qb3+ 36. Kf2 Qxa4 37. Qa8+ Kc7 38. Qa7+ Kd8 39. Qb8+ Bc8 40.
Qb6+ Ke8 41. Nd2 Qa2 42. Ke1 Qa1+ 43. Ke2 Qc3 44. Nb3 Qb2+ 45. Ke1 a4 46. Qc7
Bd7 47. Nc5 Qb4+ 48. Kf2 Qxd4+ 49. Kg2 Qb2+ 50. Kh3 Qb5 51. Nb7 Kf8 52. Qb8+
Be8 53. Qd6+ Kg8 54. Qxe6+ Kh7 55. Nd6 Qf1+ 56. Kh2 Qe2+ 57. Kg1 Qd1+ 58. Kf2
Qc2+ 59. Ke3 Bh5 60. Qxf5+ Qxf5 61. Nxf5 a3 62. Nd4 Bd1 63. e6 Kg8 0-1

[Event "Tatry Open 2014"]
[Site "Tatranske Zruby SVK"]
[Date "2014.09.30"]
[Round "3.5"]
[White "Belunek, V."]
[Black "Vojtek, V."]
[Result "1/2-1/2"]
[WhiteElo "2226"]
[BlackElo "2336"]
[PlyCount "163"]
[EventDate "2014.09.28"]

1. d4 d5 2. c4 e6 3. Nc3 Bb4 4. Nf3 Nf6 5. cxd5 exd5 6. Bg5 Nbd7 7. e3 c5 8.
Be2 Qa5 9. O-O Bxc3 10. bxc3 c4 11. Bxf6 Nxf6 12. Qc2 Bg4 13. Rac1 O-O 14. Ne5
Bxe2 15. Qxe2 b5 16. f3 Rac8 17. Qb2 Rfd8 18. Rfe1 Qb6 19. a3 Re8 20. Rb1 Rb8
21. Kh1 a5 22. e4 Qd6 23. Qc1 h6 24. h3 Rec8 25. Nxf7 Kxf7 26. e5 Qe6 27. exf6
Qxf6 28. Re5 Rd8 29. Rb2 Kg8 30. Qb1 Qc6 31. Rbe2 b4 32. axb4 axb4 33. cxb4 c3
34. Qb3 Qc4 35. Qxc4 dxc4 36. b5 Rxd4 37. Rc2 Rd3 38. Rc5 Kh7 39. Kh2 Rb6 40.
Rxc4 Rxb5 41. R4xc3 Rxc3 42. Rxc3 h5 43. h4 Kh6 44. Rc6+ Kh7 45. Kg3 Rb4 46.
Re6 Ra4 47. Re4 Ra2 48. Re5 Kh6 49. Rg5 Ra4 50. Kh3 Ra3 51. Kg3 Ra4 52. Re5 Rb4
53. Re6+ Kh7 54. Kh3 Rb3 55. Ra6 Rc3 56. Kg3 Rc4 57. Ra3 Kh6 58. Kh3 Rb4 59. g4
hxg4+ 60. fxg4 Rb5 61. Ra6+ Kh7 62. h5 Rc5 63. Kh4 Rc4 64. Ra8 Rb4 65. Re8 Ra4
66. Kg5 Ra5+ 67. Kf4 Ra4+ 68. Kf5 Ra5+ 69. Kf4 Ra4+ 70. Kg5 Ra5+ 71. Kh4 Ra4
72. Rd8 Rb4 73. Rd5 Kh6 74. Rd6+ Kh7 75. Re6 Ra4 76. Kg5 Ra5+ 77. Kf4 Ra4+ 78.
Kf5 Ra5+ 79. Re5 Rxe5+ 80. Kxe5 g6 81. Kf6 gxh5 82. gxh5 1/2-1/2

[Event "Tatry Open 2014"]
[Site "Tatranske Zruby SVK"]
[Date "2014.09.30"]
[Round "3.6"]
[White "Cech, P."]
[Black "Zambor, N."]
[Result "0-1"]
[WhiteElo "2424"]
[BlackElo "2279"]
[PlyCount "114"]
[EventDate "2014.09.28"]

1. d4 g6 2. e4 Bg7 3. Nc3 d6 4. Be3 a6 5. Qd2 b5 6. a4 b4 7. Nce2 a5 8. Ng3 Bb7
9. Bd3 Nd7 10. Nf3 c5 11. h4 h5 12. c3 cxd4 13. cxd4 Ngf6 14. e5 dxe5 15. dxe5
Ng4 16. e6 Nde5 17. exf7+ Kf8 18. Nxe5 Nxe5 19. Be4 Qxd2+ 20. Bxd2 Bxe4 21.
Nxe4 Nc4 22. Bg5 Nxb2 23. Ke2 Kxf7 24. Rac1 Rhc8 25. Nc5 Bc3 26. Be3 Rc6 27.
Rh3 Rd8 28. Rf3+ Kg8 29. Rc2 Rd5 30. Nb3 Rc4 31. g3 Re4 32. Rf4 Rxf4 33. Bxf4
Nc4 34. Bc1 Kf7 35. f3 e5 36. g4 Ke6 37. Bg5 hxg4 38. fxg4 e4 39. Bf4 Kd7 40.
Rc1 Nb2 41. Ke3 Nxa4 42. Kxe4 Ke6 43. Be3 Re5+ 44. Kf3 Nb2 45. Nd4+ Kd5 46. Ne2
Kc4 47. Nxc3 bxc3 48. Bd2 Na4 49. Bf4 Rd5 50. Rh1 c2 51. h5 gxh5 52. gxh5 Rd1
53. Kg2 Nc5 54. h6 Ne6 55. Bc1 Rxh1 56. Kxh1 Nf8 57. Kg2 Kb3 0-1

[Event "Tatry Open 2014"]
[Site "Tatranske Zruby SVK"]
[Date "2014.09.30"]
[Round "3.7"]
[White "Petran, Pe"]
[Black "Pribyl, Jo"]
[Result "1/2-1/2"]
[WhiteElo "2327"]
[BlackElo "2244"]
[PlyCount "32"]
[EventDate "2014.09.28"]

1. Nf3 d5 2. c4 c6 3. b3 Nf6 4. Bb2 Bf5 5. Nh4 Bc8 6. g3 Nbd7 7. Nf3 g6 8. cxd5
cxd5 9. Nc3 e6 10. Qc2 a6 11. Rc1 Be7 12. Nb1 b5 13. Nd4 Bb7 14. Nc6 Bxc6 15.
Qxc6 O-O 16. Qc2 Rc8 1/2-1/2

[Event "Tatry Open 2014"]
[Site "Tatranske Zruby SVK"]
[Date "2014.09.30"]
[Round "3.8"]
[White "Jossien, A."]
[Black "Sejkora, V."]
[Result "1/2-1/2"]
[WhiteElo "2326"]
[BlackElo "2243"]
[PlyCount "53"]
[EventDate "2014.09.28"]

1. d4 g6 2. c4 Bg7 3. Nc3 Nf6 4. e4 d6 5. Nge2 O-O 6. Ng3 Nc6 7. d5 Ne5 8. f4
Ned7 9. Be3 b6 10. Be2 Nc5 11. h4 e6 12. h5 exd5 13. cxd5 Ncxe4 14. Ngxe4 Nxe4
15. hxg6 fxg6 16. Nxe4 Qe7 17. Kf2 Qxe4 18. Rc1 Rxf4+ 19. Bf3 Bg4 20. Bxf4 Qxf4
21. g3 Bd4+ 22. Kg2 Bxf3+ 23. Qxf3 Qd2+ 24. Kh3 Qh6+ 25. Kg2 Qd2+ 26. Kh3 Qh6+
27. Kg2 1/2-1/2

[Event "Tatry Open 2014"]
[Site "Tatranske Zruby SVK"]
[Date "2014.09.30"]
[Round "3.9"]
[White "Constantinou, Pe"]
[Black "Sikora, J."]
[Result "1-0"]
[WhiteElo "2311"]
[BlackElo "2211"]
[PlyCount "45"]
[EventDate "2014.09.28"]

1. d4 c5 2. c3 Nf6 3. Nf3 b6 4. dxc5 bxc5 5. e4 Bb7 6. e5 Nd5 7. Bd3 Qc7 8. Na3
g6 9. O-O Bg7 10. Re1 O-O 11. Bg5 Re8 12. Be4 Nb6 13. Nb5 Qc8 14. Bxe7 Bxe4 15.
Nd6 Qc6 16. Nxe8 Bxf3 17. Qxf3 Qxf3 18. gxf3 Nc6 19. Nf6+ Kh8 20. Bxc5 Nxe5 21.
Rxe5 Bxf6 22. Re2 Nc4 23. Bd4 1-0

[Event "Tatry Open 2014"]
[Site "Tatranske Zruby SVK"]
[Date "2014.09.30"]
[Round "3.10"]
[White "Kernazhitsky, L."]
[Black "Burnett, A."]
[Result "1-0"]
[WhiteElo "2298"]
[BlackElo "2222"]
[PlyCount "87"]
[EventDate "2014.09.28"]

1. e4 c5 2. Nf3 d6 3. d4 Nf6 4. Nc3 cxd4 5. Nxd4 g6 6. Be3 Bg7 7. Be2 Nc6 8.
Nb3 O-O 9. O-O Be6 10. f4 Na5 11. Nxa5 Qxa5 12. Bf3 Rac8 13. Nd5 Rfe8 14. c3
Bxd5 15. exd5 b5 16. a3 a6 17. Qd3 Qc7 18. Rfd1 Qc4 19. Qc2 Qc7 20. Qf2 Qb7 21.
Bd4 Nd7 22. Kh1 Bxd4 23. Rxd4 Rc4 24. Re1 Qb6 25. Qd2 Nf6 26. Rd3 a5 27. f5 b4
28. cxb4 axb4 29. b3 Rc5 30. axb4 Rb5 31. fxg6 hxg6 32. Rd4 Rb8 33. Rh4 Rxb4
34. Rh3 Rxb3 35. Qh6 Nh5 36. Rxh5 gxh5 37. Qg5+ Kh8 38. Qxh5+ Kg8 39. Qg5+ Kf8
40. Qxe7+ Kg7 41. Qg5+ Kf8 42. Qh6+ Kg8 43. Be4 f5 44. Bxf5 1-0

[Event "Tatry Open 2014"]
[Site "Tatranske Zruby SVK"]
[Date "2014.09.30"]
[Round "3.12"]
[White "Sikorova, O."]
[Black "Obona, J."]
[Result "1/2-1/2"]
[WhiteElo "2282"]
[BlackElo "2166"]
[PlyCount "66"]
[EventDate "2014.09.28"]

1. Nf3 d5 2. g3 Nf6 3. c4 c6 4. cxd5 cxd5 5. b3 Nc6 6. Bb2 e6 7. Ne5 Nxe5 8.
Bxe5 Bd6 9. Bxd6 Qxd6 10. d4 O-O 11. e3 Bd7 12. Bd3 e5 13. dxe5 Qxe5 14. Nd2
Bg4 15. Be2 Bxe2 16. Kxe2 d4 17. Nf3 Qb5+ 18. Qd3 Qxd3+ 19. Kxd3 dxe3 20. Kxe3
Rfe8+ 21. Kd3 Rad8+ 22. Kc4 Re4+ 23. Kc3 Re2 24. Rhd1 Rc8+ 25. Kb4 Rxf2 26. Rd3
h6 27. a4 Re2 28. Rad1 Re4+ 29. Rd4 Rxd4+ 30. Rxd4 Re8 31. Rd3 Re4+ 32. Kc5 Re8
33. a5 g6 1/2-1/2

[Event "Tatry Open 2014"]
[Site "Tatranske Zruby SVK"]
[Date "2014.09.30"]
[Round "3.13"]
[White "Ruckschloss, K."]
[Black "Najgebauer, S."]
[Result "1/2-1/2"]
[WhiteElo "2207"]
[BlackElo "2273"]
[PlyCount "47"]
[EventDate "2014.09.28"]

1. c4 Nf6 2. d4 g6 3. Nc3 d5 4. Nf3 Bg7 5. Bg5 Ne4 6. cxd5 Nxc3 7. bxc3 Qxd5 8.
Qb3 Be6 9. Qa3 Nc6 10. Bf4 Rc8 11. e3 O-O 12. Be2 Qa5 13. Qb2 Bd5 14. O-O b6
15. a4 Nd8 16. Nd2 c5 17. Nb3 Bxb3 18. Qxb3 cxd4 19. cxd4 e5 20. dxe5 Bxe5 21.
Bxe5 Qxe5 22. Rad1 Ne6 23. Rd5 Qc7 24. a5 1/2-1/2

[Event "Tatry Open 2014"]
[Site "Tatranske Zruby SVK"]
[Date "2014.09.30"]
[Round "3.14"]
[White "Biolek, R2."]
[Black "Polacik, I."]
[Result "1-0"]
[WhiteElo "2432"]
[BlackElo "2173"]
[PlyCount "63"]
[EventDate "2014.09.28"]

1. e4 e5 2. Nf3 Nc6 3. d4 exd4 4. Bc4 Nf6 5. e5 d5 6. Bb5 Ne4 7. Nxd4 Bd7 8.
Bxc6 bxc6 9. O-O Bc5 10. f3 Ng5 11. f4 Ne4 12. Be3 Bb6 13. Nd2 Nxd2 14. Qxd2 c5
15. Nf3 d4 16. Bf2 Bc6 17. f5 Qd5 18. Bh4 Kd7 19. e6+ Kc8 20. exf7 Rf8 21. Rae1
Bb5 22. Rf2 Rxf7 23. Ne5 Rf8 24. b3 c4 25. bxc4 Bxc4 26. Nxc4 Qxc4 27. Qd3 Qxa2
28. Rfe2 a5 29. Bf2 Qd5 30. Re5 Qd6 31. Qf3 Kb8 32. Re8+ 1-0

[Event "Tatry Open 2014"]
[Site "Tatranske Zruby SVK"]
[Date "2014.09.30"]
[Round "3.16"]
[White "Klemanic, E."]
[Black "Langner, L1."]
[Result "1/2-1/2"]
[WhiteElo "2160"]
[BlackElo "2363"]
[PlyCount "76"]
[EventDate "2014.09.28"]

1. d4 Nf6 2. c4 g6 3. Nf3 Bg7 4. g3 d5 5. cxd5 Nxd5 6. Bg2 Nb6 7. O-O Nc6 8. e3
O-O 9. Nc3 Re8 10. b3 e5 11. dxe5 Nxe5 12. Nxe5 Bxe5 13. Bb2 c6 14. Qc2 Qe7 15.
h3 a5 16. Rfd1 Be6 17. Rac1 a4 18. Nxa4 Bxb2 19. Nxb6 Bxc1 20. Nxa8 Bxe3 21.
fxe3 Rxa8 22. e4 Qc7 23. Rd3 Qe5 24. a4 c5 25. Qc3 Qxc3 26. Rxc3 b6 27. Bf1 Kg7
28. h4 Kf6 29. Kf2 Ke5 30. Ke3 Bd7 31. Bc4 Bc6 32. Bxf7 Bxe4 33. Rc4 Bb7 34.
Rf4 Rf8 35. Bxg6 Rg8 36. Rf5+ Kd6 37. Rf6+ Kc7 38. Rf7+ Kb8 1/2-1/2

[Event "Tatry Open 2014"]
[Site "Tatranske Zruby SVK"]
[Date "2014.09.30"]
[Round "3.17"]
[White "Vesely, T."]
[Black "Nayhebaver, Martin"]
[Result "0-1"]
[WhiteElo "2105"]
[BlackElo "2301"]
[PlyCount "82"]
[EventDate "2014.09.28"]

1. e4 c5 2. Nf3 Nc6 3. d4 cxd4 4. Nxd4 Nf6 5. Nc3 e5 6. Ndb5 d6 7. Na3 Bg4 8.
f3 Be6 9. Bc4 Be7 10. Nd5 O-O 11. Be3 Bxd5 12. Bxd5 Nxd5 13. exd5 Nb8 14. Qd2
Bh4+ 15. g3 Be7 16. Nb5 a6 17. Nc3 f5 18. O-O-O b5 19. h3 Nd7 20. Kb1 Nb6 21.
Bxb6 Qxb6 22. f4 Bf6 23. Ne2 Rac8 24. g4 exf4 25. Nxf4 Bg5 26. h4 Bxf4 27. Qxf4
Rc4 28. Qg5 Rxg4 29. Qe7 Re4 30. Qd7 Qd8 31. Qc6 a5 32. h5 b4 33. Rde1 Qe7 34.
Ref1 f4 35. Qa6 f3 36. Qxa5 f2 37. a3 bxa3 38. Qxa3 Re1+ 39. Ka2 Qe4 40. Qd3
Qa4+ 41. Qa3 Qc4+ 0-1

[Event "Tatry Open 2014"]
[Site "Tatranske Zruby SVK"]
[Date "2014.09.30"]
[Round "3.18"]
[White "Prandstetter, E."]
[Black "Barrish, Daniel"]
[Result "1-0"]
[WhiteElo "2273"]
[BlackElo "2144"]
[PlyCount "93"]
[EventDate "2014.09.28"]

1. e4 c5 2. Nf3 e6 3. d4 cxd4 4. Nxd4 a6 5. Bd3 Nf6 6. Nc3 Qc7 7. f4 b5 8. a3
d6 9. O-O Nbd7 10. Be3 Bb7 11. Qe2 Be7 12. Rae1 O-O 13. Bf2 g6 14. Kh1 e5 15.
fxe5 dxe5 16. Nf3 b4 17. axb4 Bxb4 18. Rb1 Bxc3 19. bxc3 Nh5 20. Qe3 Rab8 21.
Qh6 f6 22. Rb4 Nf4 23. Ba7 Ra8 24. Be3 Nxd3 25. cxd3 a5 26. Rbb1 Ba6 27. c4 Nc5
28. Ne1 a4 29. Bc1 Nxd3 30. Ba3 Qxc4 31. Bxf8 Rxf8 32. Nxd3 Qxd3 33. Rfe1 a3
34. Rbd1 Qc3 35. Rc1 Qa5 36. Red1 Rd8 37. Qh3 Rxd1+ 38. Rxd1 f5 39. Qb3+ Kf8
40. exf5 gxf5 41. h3 f4 42. Qb8+ Kf7 43. Qa7+ Ke8 44. Rb1 Qc3 45. Qxa6 f3 46.
Qa8+ Ke7 47. Qxf3 1-0

[Event "Tatry Open 2014"]
[Site "Tatranske Zruby SVK"]
[Date "2014.09.30"]
[Round "3.19"]
[White "Tropp, F."]
[Black "Borosova, Z."]
[Result "0-1"]
[WhiteElo "2101"]
[BlackElo "2263"]
[PlyCount "82"]
[EventDate "2014.09.28"]

1. e4 e5 2. Nf3 Nc6 3. Bb5 a6 4. Ba4 Nf6 5. O-O Be7 6. Qe2 b5 7. Bb3 d6 8. c3
Na5 9. Bc2 c5 10. d3 O-O 11. Nbd2 Re8 12. Rd1 Bf8 13. Nf1 g6 14. Bg5 Bg7 15. h3
Bb7 16. g4 d5 17. Ng3 Qc7 18. b3 c4 19. Bxf6 cxd3 20. Bxd3 Bxf6 21. exd5 Bxd5
22. Bxg6 e4 23. Rxd5 Qxc3 24. Bxe4 Qxa1+ 25. Kg2 Rad8 26. Qd3 Qc3 27. Bxh7+ Kf8
28. Rxd8 Rxd8 29. Qf5 Bg7 30. Ne4 Qc8 31. Qh5 Nc6 32. Nfg5 Qb7 33. Nc5 Qe7 34.
Bf5 Rd6 35. Nh7+ Kg8 36. Be4 Nd4 37. g5 Ne6 38. Nd3 Rxd3 39. Nf6+ Kf8 40. Qh7
Nf4+ 41. Kh2 Rxh3+ 0-1

[Event "Tatry Open 2014"]
[Site "Tatranske Zruby SVK"]
[Date "2014.09.30"]
[Round "3.20"]
[White "Jossien, R."]
[Black "Gumularz, Szymon"]
[Result "0-1"]
[WhiteElo "2262"]
[BlackElo "2132"]
[PlyCount "152"]
[EventDate "2014.09.28"]

1. e4 c5 2. Nf3 d6 3. g3 Nf6 4. d3 g6 5. Bg2 Bg7 6. O-O O-O 7. c3 Nc6 8. Re1
Rb8 9. h3 e5 10. Be3 Re8 11. a3 b5 12. b4 cxb4 13. axb4 a5 14. bxa5 Nxa5 15.
Nbd2 Nc6 16. Qc2 Bd7 17. d4 Qc7 18. d5 Na5 19. Rec1 Rec8 20. Bf1 Ne8 21. Qa2
Nb7 22. c4 b4 23. Nb3 Nc5 24. Nfd2 f5 25. Nxc5 dxc5 26. Nb3 Bf8 27. f3 Nf6 28.
Bg2 Nh5 29. Bf2 Bd6 30. Qa5 Rb6 31. Qa7 Rb7 32. Qa5 Rb6 33. Rc2 Nf6 34. Qa7 Rb7
35. Qa5 Rb6 36. Qa2 Qd8 37. Qb1 Nh5 38. Rca2 f4 39. g4 Ng3 40. Qe1 Kg7 41. Ra7
Kf8 42. R1a5 Qe7 43. Nxc5 Rxc5 44. Rxd7 Qxd7 45. Rxc5 b3 46. Ra5 Rb8 47. Ra1 b2
48. Rb1 Qc7 49. Bf1 Rb3 50. Qd1 Rb4 51. Bd3 Bc5 52. Qc2 Qb6 53. Bxc5+ Qxc5+ 54.
Qf2 Qa5 55. Kg2 Rb3 56. Bc2 Rc3 57. Bd1 Rd3 58. Rxb2 Rxd1 59. Ra2 Qb4 60. Ra8+
Kg7 61. Ra7+ Kf6 62. h4 h6 63. Ra6+ Kf7 64. Qa7+ Qe7 65. Qb6 Rd2+ 66. Kg1 Rd1+
67. Kf2 Nxe4+ 68. Kg2 Rd2+ 69. Kg1 Qc5+ 70. Qxc5 Nxc5 71. Rc6 Nb3 72. h5 gxh5
73. gxh5 Na5 74. Rxh6 Nxc4 75. Kf1 e4 76. Rh7+ Kg8 0-1

[Event "Tatry Open 2014"]
[Site "Tatranske Zruby SVK"]
[Date "2014.09.30"]
[Round "3.21"]
[White "Miciak, M."]
[Black "Szotkowski, J."]
[Result "0-1"]
[WhiteElo "2087"]
[BlackElo "2262"]
[PlyCount "104"]
[EventDate "2014.09.28"]

1. e4 c5 2. b4 cxb4 3. d4 e6 4. a3 d5 5. e5 Bd7 6. axb4 Bxb4+ 7. c3 Be7 8. Qg4
g6 9. Bd3 Qb6 10. Ne2 Bb5 11. Bc2 f5 12. exf6 Nxf6 13. Qh3 Bxe2 14. Bxg6+ Kd7
15. Kxe2 Nc6 16. Bd3 Rac8 17. Nd2 a6 18. Ba3 h5 19. Rhe1 Bxa3 20. Rxa3 Na5 21.
Qh4 Rhf8 22. Rb1 Qc7 23. Qg3 Nc4 24. Qg7+ Kd6 25. Rxb7 Qxg7 26. Rxa6+ Rc6 27.
Rxc6+ Kxc6 28. Rxg7 Ne8 29. Rh7 Nxd2 30. Rxh5 Nb3 31. Bc2 Na5 32. f3 Nf6 33.
Rh6 Kd6 34. g4 Nc6 35. g5 Ng8 36. Rh8 Rc8 37. Kd2 e5 38. Ke3 Re8 39. Kf2 exd4
40. cxd4 Nxd4 41. Bg6 Re2+ 42. Kg3 Ne7 43. Bh7 Re3 44. Rf8 Ne6 45. Rf6 d4 46.
Kf2 Ra3 47. h4 d3 48. Bf5 Ra2+ 49. Ke1 Nxf5 50. Rxf5 Nd4 51. Rf4 d2+ 52. Kd1
Nb3 0-1

[Event "Tatry Open 2014"]
[Site "Tatranske Zruby SVK"]
[Date "2014.09.30"]
[Round "3.22"]
[White "Malik, J."]
[Black "Hlinka, V."]
[Result "1-0"]
[WhiteElo "2253"]
[BlackElo "2113"]
[PlyCount "49"]
[EventDate "2014.09.28"]

1. e4 c5 2. Nf3 Nc6 3. d4 cxd4 4. Nxd4 e5 5. Nb5 d6 6. c4 Be7 7. N1c3 a6 8. Na3
f5 9. exf5 Bxf5 10. Bd3 Be6 11. O-O Nf6 12. Nd5 O-O 13. Nc2 Rc8 14. Nce3 Nd4
15. f4 Nxd5 16. Nxd5 Bf5 17. Be3 Bxd3 18. Qxd3 Nc6 19. Rad1 exf4 20. Bxf4 Ne5
21. Qe2 Bg5 22. Bxe5 Rxf1+ 23. Rxf1 dxe5 24. Qxe5 Rxc4 25. Ne7+ 1-0

[Event "Tatry Open 2014"]
[Site "Tatranske Zruby SVK"]
[Date "2014.09.30"]
[Round "3.23"]
[White "Borsos, B."]
[Black "Andras, T."]
[Result "0-1"]
[WhiteElo "2224"]
[BlackElo "2106"]
[PlyCount "100"]
[EventDate "2014.09.28"]

1. Nf3 d5 2. c4 d4 3. e3 c5 4. b4 f6 5. Bd3 g6 6. bxc5 e5 7. exd4 exd4 8. O-O
Bxc5 9. Ba3 Nd7 10. Re1+ Kf7 11. Be4 Ne7 12. Qb3 Nc6 13. Bd5+ Kg7 14. d3 Qc7
15. Nbd2 Rd8 16. Ne4 Bxa3 17. Qxa3 Nde5 18. Nxe5 fxe5 19. Rab1 Ne7 20. Nc5 Nxd5
21. Rxb7 Bxb7 22. Ne6+ Kf6 23. Nxc7 Nxc7 24. Qa5 Rd7 25. Qxe5+ Kf7 26. h4 Kg8
27. Qc5 Kf7 28. h5 Ne6 29. Qe5 Re8 30. Rb1 Bc6 31. Rb3 gxh5 32. Qxh5+ Kf8 33.
Ra3 Rg7 34. Qf5+ Kg8 35. f3 Rg5 36. Qf6 Rg6 37. Qh4 Bxf3 38. Rxa7 Rxg2+ 39. Kf1
Ng7 40. Qf6 Rf8 41. Qxd4 Nf5 42. Qe5 Ng3+ 43. Ke1 Re2+ 44. Qxe2 Bxe2 45. c5
Bxd3 46. Ra3 Rf1+ 47. Kd2 Ne4+ 48. Ke3 Nxc5 49. Ra5 Rf5 50. a4 h5 0-1

[Event "Tatry Open 2014"]
[Site "Tatranske Zruby SVK"]
[Date "2014.09.30"]
[Round "3.24"]
[White "Volodin, V."]
[Black "Holtman, Teodor"]
[Result "1-0"]
[WhiteElo "2217"]
[BlackElo "2086"]
[PlyCount "73"]
[EventDate "2014.09.28"]

1. Nf3 Nf6 2. c4 c5 3. g3 g6 4. Bg2 Bg7 5. O-O O-O 6. d4 cxd4 7. Nxd4 Nc6 8.
Nc3 Qa5 9. Nb3 Qh5 10. e4 d6 11. Qxh5 Nxh5 12. Be3 Nf6 13. h3 Be6 14. Nd5 Bxd5
15. cxd5 Nb4 16. Rfc1 Rfc8 17. Rxc8+ Rxc8 18. Bxa7 Nd7 19. Bd4 Rc2 20. Bxg7
Kxg7 21. Rc1 Rxb2 22. Rc7 Nxa2 23. Nd4 Nc5 24. Rxe7 Rb1+ 25. Kh2 Rb4 26. Nc2
Rb2 27. Ne3 Kf8 28. Rc7 Rxf2 29. e5 Re2 30. Nc4 Ne4 31. exd6 Nf6 32. d7 Nxd7
33. Rxd7 Nc3 34. d6 b5 35. Rd8+ Kg7 36. d7 bxc4 37. Re8 1-0

[Event "Tatry Open 2014"]
[Site "Tatranske Zruby SVK"]
[Date "2014.09.30"]
[Round "3.25"]
[White "Czajkowski, R."]
[Black "Ramik, Z."]
[Result "1/2-1/2"]
[WhiteElo "2084"]
[BlackElo "2216"]
[PlyCount "101"]
[EventDate "2014.09.28"]

1. d4 Nf6 2. c4 e6 3. Nf3 b6 4. a3 Bb7 5. Nc3 Ne4 6. Qc2 Nxc3 7. Qxc3 Be7 8. g3
O-O 9. Bg2 c5 10. dxc5 bxc5 11. O-O d6 12. Qc2 Nc6 13. Rd1 Rb8 14. Rb1 a5 15.
b3 Bf6 16. Bb2 Bxb2 17. Rxb2 Qe7 18. Rd3 Rfd8 19. Qd1 Rd7 20. Rbd2 Rbd8 21. e3
g6 22. h4 h6 23. e4 Bc8 24. Qa1 e5 25. Qc3 Rb7 26. Qc1 Be6 27. Rb2 Kg7 28. Bf1
Rdb8 29. Be2 Bg4 30. Qc3 Bxf3 31. Bxf3 Nd4 32. Bd1 Qc7 33. Kg2 Qc6 34. f3 Re7
35. Qxa5 Ra8 36. Qd2 Rxa3 37. b4 Rxd3 38. Qxd3 cxb4 39. Rxb4 Ra7 40. Rb2 h5 41.
f4 Qa8 42. fxe5 dxe5 43. c5 Ra3 44. Qb1 Ra1 45. Qd3 Qc6 46. Rf2 Qxc5 47. Bb3
Qc1 48. Rxf7+ Kh6 49. Bd1 Ra3 50. Qf1 Qe3 51. Rh7+ 1/2-1/2

[Event "Tatry Open 2014"]
[Site "Tatranske Zruby SVK"]
[Date "2014.09.30"]
[Round "3.26"]
[White "Steiner, B."]
[Black "Jiruse, J."]
[Result "1/2-1/2"]
[WhiteElo "2212"]
[BlackElo "2014"]
[PlyCount "67"]
[EventDate "2014.09.28"]

1. c4 Nf6 2. g3 c6 3. Nf3 d5 4. Bg2 Bf5 5. cxd5 cxd5 6. Qb3 Qc8 7. Nc3 e6 8. d3
Nc6 9. Bf4 Nh5 10. Bd2 Bd6 11. h3 Nf6 12. O-O O-O 13. Rac1 Qd7 14. Rfd1 Rac8
15. Bg5 d4 16. Nb5 Bb8 17. g4 Bg6 18. Qa4 e5 19. Bxf6 gxf6 20. Nh4 Ne7 21. Nc3
Qxa4 22. Nxa4 b6 23. Bb7 Rxc1 24. Rxc1 f5 25. gxf5 Bxf5 26. Nxf5 Nxf5 27. Kh1
Ne7 28. b4 Bd6 29. b5 Rb8 30. Be4 f5 31. Bf3 Kf7 32. Rc2 Rc8 33. Rxc8 Nxc8 34.
Nb2 1/2-1/2

[Event "Tatry Open 2014"]
[Site "Tatranske Zruby SVK"]
[Date "2014.09.30"]
[Round "3.27"]
[White "Giertli, V."]
[Black "Privara, I."]
[Result "1/2-1/2"]
[WhiteElo "2078"]
[BlackElo "2205"]
[PlyCount "159"]
[EventDate "2014.09.28"]

1. Nf3 Nf6 2. g3 d5 3. Bg2 c5 4. c4 e6 5. O-O Nc6 6. Qc2 Be7 7. d3 d4 8. Bf4
O-O 9. a3 Nh5 10. Bd2 e5 11. b4 Bd6 12. b5 Ne7 13. e3 dxe3 14. Bxe3 Nf5 15. Nc3
Nd4 16. Qd1 g6 17. Nd5 Bg4 18. h3 Nxf3+ 19. Bxf3 Bxh3 20. Bxh5 Bxf1 21. Kxf1
gxh5 22. Qxh5 f6 23. Ke2 Rf7 24. Rh1 Qd7 25. Rh4 Qe6 26. Rg4+ Kh8 27. Rg6 Rg8
28. Rxg8+ Kxg8 29. Qh4 f5 30. Bg5 Bf8 31. Bf6 Bg7 32. Ne7+ Kf8 33. Bxg7+ Rxg7
34. Nd5 Kf7 35. Kd2 h6 36. Qd8 Kg6 37. Qf8 Rd7 38. Qxc5 b6 39. Qc6 Kf7 40. Qa8
e4 41. d4 Kg7 42. Ke3 Qd6 43. Qc6 Qxa3+ 44. Kf4 Rf7 45. Ne3 Qf8 46. Qe6 Qb8+
47. Qe5+ Qxe5+ 48. Kxe5 Kg6 49. d5 Kg5 50. d6 f4 51. gxf4+ Rxf4 52. d7 Rf8 53.
Ke6 h5 54. Ke7 Rh8 55. d8=Q Rxd8 56. Kxd8 Kf4 57. Nf1 Kf3 58. Nd2+ Kxf2 59.
Nxe4+ Ke3 60. Nd6 Kd4 61. Kc7 Kc5 62. Nf5 Kxc4 63. Kc6 Kb4 64. Nh4 Ka5 65. Nf3
a6 66. bxa6 Kxa6 67. Kd5 Kb5 68. Kd4 Kb4 69. Kd3 b5 70. Kc2 Ka3 71. Kb1 Kb3 72.
Nh4 Kc3 73. Ng6 Kd4 74. Kb2 Ke4 75. Kb3 Kf5 76. Nh4+ Kg5 77. Ng2 Kg4 78. Kb4
Kf3 79. Nh4+ Kg3 80. Ng6 1/2-1/2

[Event "Tatry Open 2014"]
[Site "Tatranske Zruby SVK"]
[Date "2014.09.30"]
[Round "3.28"]
[White "Sorkovsky, M."]
[Black "Dostal, R."]
[Result "1/2-1/2"]
[WhiteElo "2204"]
[BlackElo "2078"]
[PlyCount "43"]
[EventDate "2014.09.28"]

1. e4 e6 2. d4 d5 3. Nc3 Bb4 4. e5 c5 5. a3 Bxc3+ 6. bxc3 Ne7 7. Qg4 Qc7 8.
Qxg7 Rg8 9. Qxh7 cxd4 10. Ne2 Nbc6 11. f4 Bd7 12. Qd3 dxc3 13. Qxc3 Rc8 14. Bb2
Nf5 15. O-O-O a6 16. Rd2 d4 17. Qd3 Qa5 18. Nxd4 Ncxd4 19. Bxd4 Bb5 20. Qb3
Nxd4 21. Rxd4 Bxf1 22. Rxf1 1/2-1/2

[Event "Tatry Open 2014"]
[Site "Tatranske Zruby SVK"]
[Date "2014.09.30"]
[Round "3.29"]
[White "Kukucka, M."]
[Black "Marek, Mat"]
[Result "1/2-1/2"]
[WhiteElo "2073"]
[BlackElo "2200"]
[PlyCount "29"]
[EventDate "2014.09.28"]

1. d4 Nf6 2. c4 g6 3. Nc3 Bg7 4. e4 d6 5. h3 O-O 6. Be3 e5 7. d5 a5 8. Nf3 Na6
9. g4 Nd7 10. a3 Nb6 11. Be2 Bd7 12. Nd2 Qe8 13. g5 Qe7 14. h4 Be8 15. Qc2
1/2-1/2

[Event "Tatry Open 2014"]
[Site "Tatranske Zruby SVK"]
[Date "2014.09.30"]
[Round "3.30"]
[White "Dobrotka, M."]
[Black "Mandak, M."]
[Result "1/2-1/2"]
[WhiteElo "2189"]
[BlackElo "2003"]
[PlyCount "141"]
[EventDate "2014.09.28"]

1. d4 d5 2. c4 c6 3. Nc3 Nf6 4. Nf3 e6 5. cxd5 exd5 6. Bg5 Qa5 7. Bxf6 gxf6 8.
Qa4 Bb4 9. Qxa5 Bxa5 10. e3 Be6 11. Nd2 Nd7 12. Rc1 Ke7 13. Be2 Rhg8 14. Bf3 f5
15. Nb3 Bb4 16. g3 Rgc8 17. O-O Nb6 18. a3 Bd6 19. Na5 Rab8 20. Rfd1 Rg8 21.
Kf1 Bc7 22. b4 Bd6 23. Rd2 Rgd8 24. Ke2 h6 25. Ke1 Rg8 26. Ne2 Rgc8 27. Nc3 Kd7
28. Ra2 Rc7 29. Nb3 Nc4 30. Nc5+ Ke7 31. Be2 Rbc8 32. Nxe6 fxe6 33. Bxc4 dxc4
34. f4 b5 35. Ke2 a5 36. Rb2 axb4 37. axb4 Ra7 38. Kd2 Rca8 39. e4 fxe4 40. Re1
Ra1 41. Rxe4 Kf7 42. Re2 R8a3 43. Kc2 Be7 44. Ne4 R1a2 45. Nc5 Bxc5 46. dxc5
Rxb2+ 47. Kxb2 Rb3+ 48. Kc2 Rxb4 49. Rd2 Ra4 50. Rd6 Ra6 51. Kc3 h5 52. Kd4 Ra1
53. Rxc6 Rd1+ 54. Kc3 Rd3+ 55. Kb2 b4 56. Rb6 b3 57. Rb4 Rd2+ 58. Kb1 Rc2 59.
h3 Ke7 60. Rb7+ Kd8 61. g4 hxg4 62. hxg4 Rg2 63. g5 e5 64. fxe5 Rxg5 65. Rb4
Rg4 66. Kb2 Kc7 67. Rb6 Rg2+ 68. Kb1 Rg5 69. Rb4 Rxe5 70. Rxc4 Kc6 71. Kb2
1/2-1/2

[Event "Tatry Open 2014"]
[Site "Tatranske Zruby SVK"]
[Date "2014.09.30"]
[Round "3.31"]
[White "Hrnciar, R."]
[Black "Lanc, A."]
[Result "0-1"]
[WhiteElo "2039"]
[BlackElo "2363"]
[PlyCount "74"]
[EventDate "2014.09.28"]

1. f4 c5 2. e3 g6 3. Nf3 Bg7 4. d4 Nf6 5. Bd3 O-O 6. O-O b6 7. Nbd2 Bb7 8. c3
Qc7 9. Qe1 d6 10. Qh4 cxd4 11. exd4 e6 12. Ng5 h6 13. Nxe6 fxe6 14. Bxg6 Nc6
15. g4 Ne7 16. Bd3 Nfd5 17. f5 exf5 18. gxf5 Nf6 19. Nf3 Kf7 20. Bxh6 Bxh6 21.
Qxh6 Rg8+ 22. Kh1 Rae8 23. Bb5 Bc6 24. Bc4+ Bd5 25. Bxd5+ Nexd5 26. Ng5+ Rxg5
27. Qxg5 Rg8 28. Qd2 Qc6 29. Qe2 Nxc3+ 30. Qf3 Nce4 31. Rac1 Nf2+ 32. Rxf2
Qxc1+ 33. Rf1 Qc8 34. Qb3+ Kf8 35. Qe6 Qxe6 36. fxe6 Ke7 37. Re1 Rg4 0-1